LEADER 01295nam0-22003371i-450- 001 990000368320403321 005 20090708162205.0 010 $a0-8412-2530-3 035 $a000036832 035 $aFED01000036832 035 $a(Aleph)000036832FED01 035 $a000036832 100 $a20020821d1993----km-y0itay50------ba 101 0 $aita 105 $ay-------001yy 200 1 $aEmerging technologies in hazardous waste management III$feditors D. William Tedder and Frederick G. Pohland 210 $aWashington$cAmerican Chemical Society$d1993 215 $aXII, 466 p.$cill.$d24 cm 225 1 $aACS symposium series$v518 300 $aDeveloped from a symposium sponsored by the Division of Industrial and Engineering Chemistry Inc., of the American Chemical Society at the Industrial and Engineering Chemistry Special Symposium, Atlanta, Georgia, October 1-3, 1991 676 $a628.42 702 1$aPohland,$bFrederick George$f<1931- > 702 1$aTedder,$bDaniel William$f<1946- > 710 02$aAmerican Chemical Society$013001 801 0$aIT$bUNINA$gRICA$2UNIMARC 901 $aBK 912 $a990000368320403321 952 $a04 004-249$bDIC 14/L/CV$fDINCH 959 $aDINCH 996 $aEmerging technologies in hazardous waste management III$9126609 997 $aUNINA LEADER 01488nam0 22003251i 450 001 UON00398485 005 20231205104645.823 010 $a09-593-6263-0 100 $a20111017d1986 |0itac50 ba 101 $aeng 102 $aAU 105 $a|||| 1|||| 200 1 $aByzantine humanism$eThe First Phase$eNotes and remarks on education and culture in Byzantium from its origins to the 10th century$fby Paul Lemerle$gtranslated by Helen Lindsay and Ann Moffatt 210 $aCamberra$cAustralian Association for Byzantine Studies$d1986 215 $aXIII, 382 p.$d25 cm. 410 1$1001UON00176103$12001 $aByzantina Australiensia$1210 $aBrisbane$cAustralian Association for Byzantine Studies.$v3 620 $aAU$dCanberra$3UONL000069 676 $a949.5$cSTORIA DELL'IMPERO BIZANTINO. STORIA DELLA GRECIA$v21 676 $a880.2$cLETTERATURA GRECA - MED. E BIZ.$v21 700 1$aLEMERLE$bPaul$3UONV018322$0152892 702 1$aLINDSAY$bHelen$3UONV204650 702 1$aMOFFATT$bAnn$3UONV204693 712 $aAustralian Association for Byzantine Studies$3UONV278676$4650 712 $aMOFFATT, Ann$3UONV278675$4650 801 $aIT$bSOL$c20240220$gRICA 899 $aSIBA - SISTEMA BIBLIOTECARIO DI ATENEO$2UONSI 912 $aUON00398485 950 $aSIBA - SISTEMA BIBLIOTECARIO DI ATENEO$dSI BIZANTINO C 0206 $eSI EO 47433 5 0206 996 $aByzantine humanism$91346653 997 $aUNIOR